Łańcuch piłkarzy - zdjęcia #9 - Statystyki

Ogólne statystyki
  • Ten quiz został rozwiązany 57 razy
  • Średni wynik to 12 z 20
Statystyki odpowiedzi
Obrazkowy Odpowiedź % Poprawnych
Rivaldo
94%
Eric Cantona
89%
Hugo Lloris
87%
Diego Simeone
85%
Koke
83%
Pau Cubarsi
81%
Pedro Neto
79%
Samir Nasri
70%
Kaoru Mitoma
68%
Naby Keita
68%
Mehdi Taremi
62%
Ezequiel Lavezzi
60%
Jan Tomaszewski
58%
Zico
55%
Philip Cocu
40%
Kiko
28%
Mauricio Isla
17%
Enzo Maresca
11%
Thomas Doll
11%
Careca
4%
Nie znaleziono quizów pasujących do podanych kryteriów
Rozkład punktacji
Procent ludzi z każdym wynikiem
Percentyl według liczby udzielonych odpowiedzi
Twoja historia wyników
Nie rozwiązałeś tego quizu